[Event "Mitropa Cup"]
[Site "Trencin"]
[Date "2025.05.21"]
[Round "8.1"]
[White "Bogner, Sebastian"]
[Black "Jablonicky, Martin"]
[Result "1-0"]
[WhiteElo "2549"]
[BlackElo "2428"]
[PlyCount "73"]
[EventDate "2025.05.14"]
[EventType "team-tourn"]
[EventRounds "9"]
[EventCountry "SVK"]
[SourceTitle "CB22_2025"]
[SourceDate "2025.05.28"]
[SourceVersion "1"]
[SourceVersionDate "2025.05.28"]
[SourceQuality "1"]
[WhiteTeam "Switzerland"]
[BlackTeam "Slovakia II"]
[WhiteTeamCountry "SUI"]
[BlackTeamCountry "SVK"]

1. d4 Nf6 2. c4 g6 3. Nc3 Bg7 4. e4 d6 5. Be2 0-0 6. Nf3 e5 7. 0-0 Nc6 8. d5 Ne7 9. b4 Nh5 10. Re1 a5 11. bxa5 c5 12. a4 Rxa5 13. Ra3 Ra6 14. g3 Nf6 15. Bd2 h6 16. Nh4 Ne8 17. Qc2 f5 18. exf5 g5 19. Ng6 Bxf5 20. Nxe7+ Qxe7 21. Bd3 Bh3 22. Bh7+ Kh8 23. Bg6 Nf6 24. f3 Nd7 25. Ne4 Nf6 26. g4 Nxe4 27. Qxe4 Rb6 28. f4 Rb2 29. Bc1 Rxf4 30. Bxf4 Bg2 31. Qf5 gxf4 32. Qc8+ Bf8 33. Rb1 Rxb1+ 34. Bxb1 f3 35. Be4 Qg7 36. Rb3 Qf6 37. Qf5 1-0

[Event "Isle of Wight op"]
[Site "Ryde"]
[Date "2025.02.22"]
[Round "8"]
[White "Vestby Ellingsen, Mads"]
[Black "Bogner, Sebastian"]
[Result "0-1"]
[WhiteElo "2406"]
[BlackElo "2540"]
[PlyCount "150"]
[EventDate "2025.02.18"]
[EventType "swiss"]
[EventRounds "9"]
[EventCountry "ENG"]
[SourceTitle "CB09_2025"]
[SourceDate "2025.02.27"]
[SourceVersion "1"]
[SourceVersionDate "2025.02.27"]
[SourceQuality "1"]

1. e4 c5 2. Nf3 d6 3. d4 cxd4 4. Nxd4 Nf6 5. Nc3 a6 6. f4 e5 7. Nf5 Nc6 8. Bc4 Be6 9. Bb3 g6 10. fxe5 Nxe5 11. Ne3 Bg7 12. 0-0 0-0 13. Ned5 Bxd5 14. Bxd5 Rc8 15. Kh1 b5 16. a3 Nc4 17. Bxc4 Rxc4 18. Qd3 Qe8 19. Qxd6 Nxe4 20. Nxe4 Qxe4 21. c3 Qe2 22. Kg1 Re8 23. Qd5 Qe6 24. Qf3 Re4 25. Bd2 Bf8 26. h3 f5 27. Rad1 Bc5+ 28. Kh1 Bd6 29. g3 h5 30. Bg5 Re2 31. Rf2 Re4 32. Kg2 Bc5 33. Rfd2 Re2+ 34. Kh1 Re1+ 35. Kg2 Re2+ 36. Kh1 Rxd2 37. Bxd2 Qe4 38. Qxe4 Rxe4 39. Bf4 h4 40. Bd6 Bf2 41. gxh4 Bxh4 42. Rd2 Kf7 43. Kg2 Bg5 44. Rc2 a5 45. b3 Ke6 46. Bc7 a4 47. bxa4 bxa4 48. c4 Re3 49. Ba5 Rxa3 50. c5 Ra1 51. c6 Rc1 52. Re2+ Kd5 53. c7 a3 54. Bb4 Rxc7 55. Bxa3 Rc3 56. Be7 Bf4 57. Bh4 Rd3 58. Bf2 Be5 59. Ra2 f4 60. h4 Ke4 61. Rc2 Ra3 62. Rd2 Ra5 63. Rc2 Kf5 64. Rc6 Rb5 65. Ra6 Rd5 66. Rc6 Bf6 67. Ra6 Rd2 68. Kf3 Rd3+ 69. Kg2 Rb3 70. Rc6 Ra3 71. Rd6 Be5 72. Rd5 f3+ 73. Kf1 Ra1+ 74. Be1 Ke4 75. Rd8 Bg3 0-1

[Event "Isle of Wight op"]
[Site "Ryde"]
[Date "2025.02.20"]
[Round "5"]
[White "Bogner, Sebastian"]
[Black "Radeva, Viktoria"]
[Result "1-0"]
[WhiteElo "2540"]
[BlackElo "2303"]
[PlyCount "95"]
[EventDate "2025.02.18"]
[EventType "swiss"]
[EventRounds "9"]
[EventCountry "ENG"]
[SourceTitle "CB09_2025"]
[SourceDate "2025.02.27"]
[SourceVersion "1"]
[SourceVersionDate "2025.02.27"]
[SourceQuality "1"]

1. d4 Nf6 2. c4 e6 3. Nc3 d5 4. cxd5 exd5 5. Bg5 c6 6. e3 Be7 7. Bd3 0-0 8. Qc2 h6 9. Bh4 Re8 10. Nge2 a5 11. a3 Na6 12. 0-0 Nc7 13. Rad1 Ne6 14. f3 b5 15. Bf2 Ba6 16. Nc1 b4 17. axb4 axb4 18. N3e2 c5 19. dxc5 Bxc5 20. Bxa6 Rxa6 21. Nd3 Bd6 22. Qd2 Qb8 23. Bg3 Bxg3 24. Nxg3 Rb6 25. Nf5 Kh7 26. Rc1 Nd7 27. Rfd1 g6 28. Ng3 Ne5 29. Qf2 Nxd3 30. Rxd3 Rb5 31. Rcd1 Qa8 32. f4 Kg7 33. b3 Qc6 34. Qb2+ Kg8 35. Qf6 Rc5 36. h4 Nc7 37. Qd4 Rc3 38. Kf2 Rxd3 39. Qxd3 h5 40. Ne2 Ra8 41. Rc1 Qd6 42. f5 Ra2 43. Kg1 Kg7 44. Nf4 Ra6 45. Rxc7 Ra1+ 46. Kh2 Qxc7 47. Qd4+ f6 48. Qxa1 1-0

[Event "Isle of Wight op"]
[Site "Ryde"]
[Date "2025.02.19"]
[Round "3"]
[White "Bogner, Sebastian"]
[Black "Fischer, Daniel1"]
[Result "1/2-1/2"]
[WhiteElo "2540"]
[BlackElo "2341"]
[PlyCount "93"]
[EventDate "2025.02.18"]
[EventType "swiss"]
[EventRounds "9"]
[EventCountry "ENG"]
[SourceTitle "CB09_2025"]
[SourceDate "2025.02.27"]
[SourceVersion "1"]
[SourceVersionDate "2025.02.27"]
[SourceQuality "1"]

1. d4 Nf6 2. g3 e6 3. c4 c5 4. d5 exd5 5. cxd5 d6 6. Nc3 g6 7. Bg2 Bg7 8. Nf3 0-0 9. 0-0 Re8 10. h3 Bd7 11. a4 Ne4 12. Nxe4 Rxe4 13. Nd2 Rb4 14. Ra2 Na6 15. b3 b5 16. axb5 Nc7 17. Nc4 Nxb5 18. Bd2 a5 19. e3 Ra6 20. Qc2 h5 21. h4 Bf5 22. e4 Nd4 23. Qd1 Bc8 24. Bxb4 axb4 25. Rxa6 Bxa6 26. Qd3 Bxc4 27. Qxc4 Qa5 28. f4 Qa2 29. e5 Qd2 30. exd6 Nf5 31. d7 Bd4+ 32. Qxd4 Qxd4+ 33. Kh2 Qf6 34. Re1 Kg7 35. Re8 Nh6 36. Bf3 Qd4 37. d8Q Qf2+ 38. Bg2 Ng4+ 39. Kh3 Qg1 40. Rg8+ Kh7 41. Rh8+ Kg7 42. Qf8+ Kf6 43. Qd8+ Kg7 44. Rg8+ Kh7 45. Rh8+ Kg7 46. Qg8+ Kf6 47. Qd8+ 1/2-1/2

[Event "Isle of Wight op"]
[Site "Ryde"]
[Date "2025.02.18"]
[Round "1"]
[White "Bogner, Sebastian"]
[Black "Malinovsky, Ilya"]
[Result "1-0"]
[WhiteElo "2540"]
[BlackElo "2073"]
[PlyCount "116"]
[EventDate "2025.02.18"]
[EventType "swiss"]
[EventRounds "9"]
[EventCountry "ENG"]
[SourceTitle "CB09_2025"]
[SourceDate "2025.02.27"]
[SourceVersion "1"]
[SourceVersionDate "2025.02.27"]
[SourceQuality "1"]

1. e4 e6 2. d4 d5 3. Nc3 Be7 4. Bd3 Nf6 5. e5 Nfd7 6. Nce2 c5 7. c3 Qa5 8. Bd2 Qb6 9. Rb1 Nc6 10. Nf3 cxd4 11. cxd4 Nb4 12. Bxb4 Bxb4+ 13. Nc3 Qa5 14. 0-0 Bxc3 15. bxc3 h6 16. Qd2 b6 17. Rb5 Qa4 18. Rb4 Qc6 19. Nh4 a5 20. Bb5 Qc7 21. Rb3 Ba6 22. Bxa6 Rxa6 23. f4 g6 24. Qd3 Qc4 25. Qxc4 dxc4 26. Rb5 h5 27. g3 Ke7 28. Rfb1 Rc8 29. Ng2 f6 30. Ne3 fxe5 31. fxe5 Ra7 32. h4 Rac7 33. Ng2 g5 34. hxg5 Rg8 35. Rf1 Rxg5 36. Rf3 Rc8 37. Kf2 Rh8 38. a4 Rc8 39. Ne3 Rc7 40. Kg2 Rc8 41. Kh3 Rg6 42. Rb1 Rg5 43. Nc2 Rg6 44. Na3 Rg7 45. Nb5 Rc6 46. Rbf1 Rc8 47. Nd6 Rf8 48. Rxf8 Nxf8 49. Nxc4 Nh7 50. Rf4 Ng5+ 51. Kh4 Nf7 52. Nxb6 Nh6 53. Nc8+ Kd7 54. Nd6 Kc6 55. Kxh5 Ng8 56. g4 Rh7+ 57. Kg6 Rh4 58. Kf7 Kd5 1-0

[Event "Olympiad-45"]
[Site "Budapest"]
[Date "2024.09.21"]
[Round "10.1"]
[White "Bogner, Sebastian"]
[Black "Amartuvshin, Ganzorig"]
[Result "1-0"]
[WhiteElo "2545"]
[BlackElo "2402"]
[PlyCount "111"]
[EventDate "2024.09.11"]
[EventType "team-swiss"]
[EventRounds "11"]
[EventCountry "HUN"]
[SourceTitle "EXT 2025"]
[Source "ChessBase"]
[SourceDate "2024.10.14"]
[SourceVersion "1"]
[SourceVersionDate "2024.10.14"]
[SourceQuality "1"]
[WhiteTeam "Switzerland"]
[BlackTeam "Mongolia"]
[WhiteTeamCountry "SUI"]
[BlackTeamCountry "MGL"]

1. e4 e5 2. Nf3 Nc6 3. Bc4 Bc5 4. d3 Nf6 5. Nbd2 0-0 6. 0-0 d6 7. c3 a6 8. a4 Ba7 9. h3 h6 10. Re1 Be6 11. Bxe6 fxe6 12. Nf1 Nh5 13. b4 Qf6 14. Ra2 Nf4 15. Bxf4 Qxf4 16. N1h2 Ne7 17. Kh1 Qf7 18. g3 Ng6 19. Kg2 Qd7 20. h4 Rac8 21. Qb3 Rf6 22. Ng4 Rf7 23. h5 Rcf8 24. Ngh2 Ne7 25. Rf1 Kh7 26. Nh4 Rg8 27. a5 g5 28. hxg6+ Nxg6 29. Nxg6 Rxg6 30. Qd1 Qe7 31. Rh1 Qf8 32. Ng4 Qg7 33. Rh4 c5 34. bxc5 Bxc5 35. f3 Be3 36. Qe2 Bg5 37. Rh1 Rc7 38. c4 Rf7 39. Rh5 Qf8 40. Ra1 Qd8 41. Qb2 Qc7 42. Qb4 Bf6 43. Rah1 Bg5 44. Rxg5 Rxg5 45. Nxh6 Rfg7 46. Nf7+ Kg8 47. Nxg5 Rxg5 48. Qb6 Qxb6 49. axb6 Rg7 50. Kf2 Rd7 51. Rh6 Re7 52. Ke3 Kg7 53. Rh5 Rd7 54. f4 exf4+ 55. gxf4 Rd8 56. d4 1-0

[Event "Olympiad-45"]
[Site "Budapest"]
[Date "2024.09.18"]
[Round "7.1"]
[White "Bogner, Sebastian"]
[Black "Romanov, Evgeny"]
[Result "0-1"]
[WhiteElo "2545"]
[BlackElo "2567"]
[PlyCount "154"]
[EventDate "2024.09.11"]
[EventType "team-swiss"]
[EventRounds "11"]
[EventCountry "HUN"]
[SourceTitle "EXT 2025"]
[Source "ChessBase"]
[SourceDate "2024.10.14"]
[SourceVersion "1"]
[SourceVersionDate "2024.10.14"]
[SourceQuality "1"]
[WhiteTeam "Switzerland"]
[BlackTeam "North Macedonia"]
[WhiteTeamCountry "SUI"]
[BlackTeamCountry "MKD"]

1. e4 e5 2. Nf3 Nc6 3. Bc4 Nf6 4. d3 Be7 5. 0-0 0-0 6. a4 d5 7. exd5 Nxd5 8. Re1 Bg4 9. Nbd2 Nb6 10. Bb3 Nd7 11. h3 Bh5 12. Bd5 Nb4 13. Bc4 Bd6 14. c3 Nc6 15. b4 a5 16. b5 Ne7 17. Ne4 Kh8 18. Ng3 Bg6 19. Nh4 c6 20. Nxg6+ Nxg6 21. bxc6 bxc6 22. Nf5 Bc5 23. Qg4 Nf6 24. Qf3 Nd5 25. d4 exd4 26. cxd4 Bb4 27. Re4 Qd7 28. h4 Rae8 29. h5 Rxe4 30. Qxe4 Re8 31. Qg4 Re1+ 32. Bf1 Nde7 33. hxg6 Nxf5 34. Bb2 Rxa1 35. Bxa1 hxg6 36. Qe4 Kg8 37. g3 Ne7 38. Bc4 Nd5 39. Bb2 g5 40. Kg2 g4 41. Kf1 Nf6 42. Qe5 Qb7 43. Bc1 Bc3 44. Qe3 Qb4 45. Qd3 Nd5 46. Bxd5 cxd5 47. Be3 g6 48. Qd1 f5 49. Kg2 Kf7 50. Qd3 Qc4 51. Qd1 Bb4 52. Qh1 Bf8 53. Qh4 Qxa4 54. Qd8 Qb5 55. Bg5 Bg7 56. Qe7+ Kg8 57. Bf6 Bxf6 58. Qxf6 Qe8 59. Kf1 a4 60. Qd6 Qf7 61. Qc6 a3 62. Qa8+ Qf8 63. Qxd5+ Kg7 64. Qa5 Qd6 65. Qa4 g5 66. Kg1 f4 67. Kh2 Kf6 68. Qc4 Qb6 69. Qa4 fxg3+ 70. Kxg3 Qd6+ 71. Kg2 Qd5+ 72. Kg1 a2 73. Kh2 Qe6 74. Kg3 Kg6 75. Qa8 Qf7 76. Qa6+ Kh5 77. Qa7 Qxa7 0-1

[Event "Trondheim Lewis op"]
[Site "Trondheim"]
[Date "2024.08.07"]
[Round "2"]
[White "Bogner, Sebastian"]
[Black "Rosen, Eric S"]
[Result "1-0"]
[WhiteElo "2547"]
[BlackElo "2373"]
[PlyCount "117"]
[EventDate "2024.08.06"]
[EventType "swiss"]
[EventRounds "9"]
[EventCountry "NOR"]
[SourceTitle "EXT 2025"]
[Source "ChessBase"]
[SourceDate "2024.10.14"]
[SourceVersion "1"]
[SourceVersionDate "2024.10.14"]
[SourceQuality "1"]

1. d4 d5 2. c4 e6 3. Nc3 c6 4. e3 Nf6 5. Nf3 a6 6. h3 Nbd7 7. Qc2 Bd6 8. b3 b5 9. Bb2 0-0 10. Rd1 Qe7 11. Be2 Bb7 12. c5 Bc7 13. b4 e5 14. dxe5 Nxe5 15. Nd4 Nc4 16. Nf5 Qe6 17. Bxc4 bxc4 18. Ne2 Rfe8 19. Neg3 Bxg3 20. Nxg3 Ne4 21. Ne2 a5 22. a3 axb4 23. axb4 Ra2 24. 0-0 Qg6 25. Nf4 Qf6 26. Qxe4 Rxe4 27. Bxf6 gxf6 28. Nh5 Re6 29. Ra1 Rxa1 30. Rxa1 Kf8 31. Kf1 c3 32. Rc1 Ba6+ 33. Kg1 Re4 34. Nxf6 Rc4 35. Nd7+ Ke8 36. Ne5 Rxb4 37. Rxc3 Bb5 38. Ra3 Ba4 39. Nd3 Rc4 40. Ne5 Rb4 41. g4 f6 42. Nf3 Kd7 43. Nd4 Rc4 44. Kg2 Kc7 45. Kg3 Kb7 46. h4 Bb5 47. Ne6 Re4 48. Nd4 Bc4 49. Nf5 Re5 50. Nd6+ Kb8 51. Ra4 Be2 52. Rb4+ Ka8 53. Rb6 Re7 54. Rxc6 Rg7 55. f3 h5 56. Nf5 Rg8 57. Nd4 Bd1 58. Ra6+ Kb7 59. Ra1 1-0

[Event "Pristina Balkan op-A"]
[Site "Pristina"]
[Date "2024.06.15"]
[Round "3"]
[White "Bogner, Sebastian"]
[Black "Karthik, Venkataraman"]
[Result "0-1"]
[WhiteElo "2547"]
[BlackElo "2590"]
[PlyCount "182"]
[EventDate "2024.06.14"]
[EventType "swiss"]
[EventRounds "9"]
[EventCountry "KOS"]
[SourceTitle "CBM 220 Extra"]
[Source "ChessBase"]
[SourceDate "2024.07.31"]
[SourceVersion "1"]
[SourceVersionDate "2024.07.31"]
[SourceQuality "1"]

1. d4 Nf6 2. c4 e6 3. Nc3 Bb4 4. Qc2 d5 5. a3 Bxc3+ 6. Qxc3 h6 7. e3 b6 8. Nf3 0-0 9. b3 Bb7 10. Bb2 Nbd7 11. Be2 c5 12. 0-0 Rc8 13. Rfc1 dxc4 14. bxc4 cxd4 15. exd4 b5 16. Qb3 Bxf3 17. Bxf3 bxc4 18. Rxc4 Rxc4 19. Qxc4 Nb6 20. Qa6 Qd7 21. a4 Rb8 22. a5 Nbd5 23. Ba3 Nb4 24. Qc4 Nfd5 25. Rb1 Rc8 26. Qb3 Nc6 27. Bxd5 Qxd5 28. Qxd5 exd5 29. Bc5 Nxa5 30. Bxa7 Rc4 31. Kf1 Nc6 32. Bb6 Nxd4 33. Bxd4 Rxd4 34. Rb8+ Kh7 35. Rd8 Kg6 36. Ke2 Kf6 37. Ke3 Re4+ 38. Kd3 Rh4 39. h3 Ke6 40. Ke3 Ra4 41. g3 h5 42. h4 g6 43. Re8+ Kf5 44. Rd8 Ra5 45. Rd7 Ke6 46. Rd8 Ra3+ 47. Kf4 Ra4+ 48. Ke3 Rb4 49. Kf3 Rb7 50. Ke3 Ke5 51. Re8+ Kd6 52. Rd8+ Ke6 53. Re8+ Re7 54. Rd8 Ke5 55. Kd3 Ra7 56. Ke3 Ra3+ 57. Ke2 Ke6 58. Kd2 Rb3 59. Ke2 Ke5 60. Rd7 Ke6 61. Rd8 Rc3 62. Kd2 Rc7 63. Kd3 Rd7 64. Ra8 Re7 65. Rd8 Ke5 66. Ke3 Rb7 67. Re8+ Kf5 68. Rd8 Rb3+ 69. Ke2 Ke4 70. Re8+ Kd4 71. Re7 Rb2+ 72. Kf3 Rb6 73. Rxf7 Re6 74. g4 Re4 75. gxh5 gxh5 76. Kg3 Kc3 77. Rf5 d4 78. Rc5+ Kb4 79. Rxh5 d3 80. Rd5 Kc4 81. Rd8 Rd4 82. Rc8+ Kb3 83. Rc1 d2 84. Rd1 Kc2 85. Rh1 d1Q 86. Rxd1 Rxd1 87. h5 Kd3 88. Kf4 Rh1 89. Kg5 Ke4 90. f4 Kd5 91. f5 Kd6 0-1

[Event "SUI-chT"]
[Site "Switzerland"]
[Date "2024.04.28"]
[Round "3.2"]
[White "Klauser, Markus"]
[Black "Bogner, Sebastian"]
[Result "1-0"]
[WhiteElo "2348"]
[BlackElo "2551"]
[PlyCount "87"]
[EventDate "2024.03.10"]
[EventType "team-tourn"]
[EventRounds "9"]
[EventCountry "SUI"]
[SourceTitle "CBM 220 Extra"]
[Source "ChessBase"]
[SourceDate "2024.07.31"]
[SourceVersion "1"]
[SourceVersionDate "2024.07.31"]
[SourceQuality "1"]
[WhiteTeam "Bern Schwarz Weiss"]
[BlackTeam "Reti"]
[WhiteTeamCountry "SUI"]
[BlackTeamCountry "SUI"]

1. e4 c5 2. Nf3 d6 3. Nc3 Nf6 4. e5 dxe5 5. Nxe5 a6 6. g3 Qd6 7. Nf3 Nc6 8. Bg2 e5 9. 0-0 Be7 10. Re1 0-0 11. d3 h6 12. h3 Be6 13. b3 Qc7 14. Bb2 Rad8 15. Qc1 Rfe8 16. Ne4 Nd7 17. g4 Nf8 18. Ng3 Ng6 19. Bc3 Nd4 20. Bd2 b5 21. Nh5 Bf8 22. Nxd4 cxd4 23. Be4 Rc8 24. Qd1 Nh4 25. Qe2 Qd8 26. f4 exf4 27. Bxf4 Bd5 28. Rad1 Re6 29. Qf2 Bxe4 30. Rxe4 Rec6 31. Bg3 Ng6 32. Rf1 Qd7 33. Re2 f6 34. Qg2 Rc5 35. Rxf6 R5c6 36. Rxc6 Rxc6 37. Qe4 Ba3 38. Bf2 Bc5 39. Ng3 Ne7 40. b4 Bxb4 41. Bxd4 Nd5 42. Nf5 Bc5 43. Bxc5 Rxc5 44. Qd4 1-0

[Event "EU-chT 24th"]
[Site "Budva"]
[Date "2023.11.20"]
[Round "9.15"]
[White "Bogner, Sebastian"]
[Black "Risteski, Emil"]
[Result "1-0"]
[WhiteElo "2536"]
[BlackElo "2379"]
[PlyCount "83"]
[EventDate "2023.11.11"]
[EventType "team-swiss"]
[EventRounds "9"]
[EventCountry "MNE"]
[SourceTitle "CBM 217 Extra"]
[Source "ChessBase"]
[SourceDate "2024.01.31"]
[SourceVersion "1"]
[SourceVersionDate "2024.01.31"]
[SourceQuality "1"]
[WhiteTeam "Switzerland"]
[BlackTeam "North Macedonia"]
[WhiteTeamCountry "SUI"]
[BlackTeamCountry "MKD"]

1. Nf3 Nf6 2. c4 g6 3. Nc3 Bg7 4. e4 d6 5. d4 0-0 6. Be2 Nbd7 7. Be3 e5 8. d5 Ng4 9. Bg5 f6 10. Bh4 Nh6 11. Nd2 Nf7 12. b4 Bh6 13. Nb3 Ng5 14. 0-0 f5 15. Kh1 Nf6 16. f3 Nf7 17. exf5 gxf5 18. c5 Nh8 19. Bf2 Ng6 20. g3 Bg7 21. Qc2 e4 22. f4 h5 23. Bd4 h4 24. cxd6 cxd6 25. Qd2 hxg3 26. hxg3 Qe7 27. Na5 Re8 28. Nc4 e3 29. Qd3 Ne4 30. Nxe4 fxe4 31. Qxe3 Bxd4 32. Qxd4 b5 33. Ne3 Qh7+ 34. Kg1 Rf8 35. Rf2 Bh3 36. Rh2 Nxf4 37. gxf4 Rxf4 38. Kh1 Rh4 39. Rg1+ Kf7 40. Bg4 a5 41. Nf5 Bg2+ 42. Rgxg2 1-0